| 000 | 00335nam a2200133Ia 4500 | ||
|---|---|---|---|
| 008 | 190216s9999||||xx |||||||||||||| ||und|| | ||
| 100 | _a"Mathachan. M , Lazarus. Vt & Joseph. Ta" | ||
| 245 | 2 | _aA Text Book Of Physics | |
| 250 | _a7th Ed. | ||
| 260 |
_bVidyarthimithram _c1989 |
||
| 300 | _a295 | ||
| 650 | _aPhysics | ||
| 942 | _cBK | ||
| 999 |
_c33185 _d33185 |
||